Statistics for Swiss Cantons

Click here to take the quiz!

General Stats

  • This quiz has been taken 693 times
    (689 since last reset)
  • The average score is 16 of 26

Answer Stats

HintAnswer% Correct
Zurich
91%
Bern
89%
Geneva
81%
Vaud
70%
Ticino
67%
Basel Stadt
66%
Jura
66%
Schwyz
66%
Uri
66%
Valais
65%
Neuchâtel
64%
Graubünden
63%
St. Gallen
63%
Zug
63%
Aargau
61%
Fribourg
58%
Lucerne
56%
Obwalden
54%
Schaffhausen
54%
Nidwalden
53%
Thurgau
52%
Solothurn
49%
Glarus
48%
Basel Landschaft
47%
Appenzell Innerrhoden
44%
Appenzell Ausserrhoden
43%

Score Distribution

Percentile by Number Answered

Percent of People with Each Score

Your Score History

You have not taken this quiz since the last reset